Normal view
MARC view
Entry Personal Name
001 - CONTROL NUMBER
- control field: 57786
003 - CONTROL NUMBER IDENTIFIER
- control field: OSt
005 - DATE AND TIME OF LATEST TRANSACTION
- control field: 20251110164938.0
008 - FIXED-LENGTH DATA ELEMENTS
- fixed length control field: 251110|| aca||aabn | a|a d
040 ## - CATALOGING SOURCE
- Original cataloging agency: OSt
- Transcribing agency: OSt
100 ## - HEADING--PERSONAL NAME
- Personal name: Borah, P.K., Tripathi, V. and Koch, M.
670 ## - SOURCE DATA FOUND
- Source citation: Work cat.: (OSt)527533: Borah, P.K., Tripathi, V. and Koch, M. , Wash (water, sanitation and Hygiene) in schools’ in Indian and SDG target 4.a: An analysis of the localizing process
